Urdu afsāne men̲ uslūb aur taknīk ke tajarbāt / (Record no. 330645)

000 -LEADER
fixed length control field 01090cam a22002777a 4500
001 - CONTROL NUMBER
control field 14771142
003 - CONTROL NUMBER IDENTIFIER
control field NUST
005 - DATE AND TIME OF LATEST TRANSACTION
control field 20170727095152.0
008 - FIXED-LENGTH DATA ELEMENTS--GENERAL INFORMATION
fixed length control field 070316s2007 pk b 000 0 urdo
010 ## - LIBRARY OF CONGRESS CONTROL NUMBER
LC control number 2007378479
020 ## - INTERNATIONAL STANDARD BOOK NUMBER
International Standard Book Number 9698917276
025 ## - OVERSEAS ACQUISITION NUMBER
Overseas acquisition number P-U-2007378479; 15
040 ## - CATALOGING SOURCE
Original cataloging agency DLC
Transcribing agency DLC
042 ## - AUTHENTICATION CODE
Authentication code lcode
050 00 - LIBRARY OF CONGRESS CALL NUMBER
Classification number MLCSA 2008/02606 (P)
082 ## - DEWEY DECIMAL CLASSIFICATION NUMBER
Classification number 891.4393001
Author Mark ASL
100 1# - MAIN ENTRY--PERSONAL NAME
Personal name Aslam, Fauziyah.
9 (RLIN) 3599
245 10 - TITLE STATEMENT
Title Urdu afsāne men̲ uslūb aur taknīk ke tajarbāt /
Statement of responsibility, etc. Fauziyah Aslam.
246 1# - VARYING FORM OF TITLE
Display text Title on t.p. verso:
Title proper/short title Urdu afsanay mein usloob aur takneaq kay tajarbat
260 ## - PUBLICATION, DISTRIBUTION, ETC.
Place of publication, distribution, etc. Islāmābād :
Name of publisher, distributor, etc. Pūrab Akādamī,
Date of publication, distribution, etc. 2007.
300 ## - PHYSICAL DESCRIPTION
Extent 472 p. ;
Dimensions 22 cm.
504 ## - BIBLIOGRAPHY, ETC. NOTE
Bibliography, etc. note Includes bibliographical references (p. [445]-472).
520 ## - SUMMARY, ETC.
Summary, etc. Historical study of evoluation in format and style of Urdu short story during 20th century.
546 ## - LANGUAGE NOTE
Language note In Urdu.
650 ## - SUBJECT ADDED ENTRY--TOPICAL TERM
Topical term or geographic name entry element Urdu fasana
Form subdivision Fun (Technique)
9 (RLIN) 3600
880 ## - ALTERNATE GRAPHIC REPRESENTATION
Linkage 100-01\(3\r
Title فوزیہ اسلم
880 ## - ALTERNATE GRAPHIC REPRESENTATION
Linkage 245-02\(3\r
Title اردو افسانے میں اسلوب اور تکنیک کے تجربات
c فوزیہ اسلم
880 ## - ALTERNATE GRAPHIC REPRESENTATION
Linkage 260-03\(3\r
Title اسلام آباد:
b پورب اکیڈیمی،
c 2007
906 ## - LOCAL DATA ELEMENT F, LDF (RLIN)
a 7
b cbc
c origode
d 4
e ncip
f 20
g y-gencatlg
942 ## - ADDED ENTRY ELEMENTS (KOHA)
Source of classification or shelving scheme
Koha item type Book
Holdings
Withdrawn status Lost status Source of classification or shelving scheme Damaged status Not for loan Permanent Location Current Location Shelving location Date acquired Full call number Barcode Date last seen Copy number Price effective from Koha item type
          Central Library (CL) Central Library (CL) Fiction 07/27/2017 891.4393001 ASL CL1023 07/27/2017 1 07/27/2017 Book
© 2023 Central Library, National University of Sciences and Technology. All Rights Reserved.